F-Zero GX Characters/Machines - Statistics

General Stats
  • This quiz has been taken 77 times
  • The average score is 22 of 41
Answer Stats
# Answer Machine % Correct
07 Captain Falcon Blue Falcon
95%
30 Black Shadow Black Bull
87%
25 Blood Falcon Blood Hawk
87%
05 Samurai Goroh Fire Stingray
87%
03 Dr. Stewart Golden Fox
77%
06 Pico Wild Goose
77%
02 Jody Summer White Cat
72%
01 Mighty Gazelle Red Gazelle
69%
10 James Mccloud Little Wyvern
67%
00 Deathborn Dark Schneider
64%
09 Mr. EAD Great Star
64%
13 Zoda Death Anchor
62%
19 Leon Space Angler
59%
15 Bio Rex Big Fang
56%
21 Mrs. Arrow Queen Meteor
56%
27 Draq Mighty Typhoon
54%
24 Michael Chain Wild Boar
54%
08 Octoman Deep Claw
54%
20 Super Arrow King Meteor
54%
16 The Skull Sonic Phantom
54%
18 Beastman Hyper Speeder
51%
11 Billy Mad Wolf
51%
26 John Tanaka Wonder Wasp
51%
17 Antonio Guster Green Panther
49%
04 Baba Iron Tiger
49%
14 Jack Levin Astro Robin
49%
35 Dai Goroh Silver Rat
46%
22 Gomar & Shioh Twinorrita
46%
39 QQQ Rolling Turtle
46%
23 Silver Neelsen Night Thunder
46%
29 Dr. Clash Crazy Bear
41%
12 Kate Alen Super Piranha
41%
38 PJ Groovy Taxi
38%
34 Spade Magic Seagull
38%
32 Terry "Digi-Boy" Getter Cosmic Dolphin
36%
31 Don Genie Fat Shark
33%
40 Phoenix Rainbow Phoenix
33%
28 Roger Buster Mighty Hurricane
33%
33 Dai San Gen Pink Spider
31%
36 Princia Ramode Spark Moon
28%
37 Lily Flyer Bunny Flash
26%
No matching quizzes found
Score Distribution
Percent of People with Each Score
Percentile by Number Answered
Your Score History
You have not taken this quiz